000 00447nam a2200157Ia 4500
008 200103s9999||||xx |||||||||||||| ||und||
020 _a9789353062019
040 _aIMU-MPC
082 _aColumn-18
100 _aMano, M. Morris and Ciletti, Michael D.
245 0 _aDigital Design with an introduction to the Verilog HDL, VHDL, and Systemverilog
250 _a6th Ed.
260 _bPearson Education, Asia
_c2018
300 _a764
942 _cBK
999 _c6322
_d6322